| 000 | 00342nam a22001337a 4500 | ||
|---|---|---|---|
| 082 | _aT-197 | ||
| 100 |
_aEngr Mansoor Afzal _950927 |
||
| 245 | _aGuidelines for utilization of skilled volunteers in flood | ||
| 260 |
_aRisalpur, _bMCE, _c2014 |
||
| 300 | _a71p. | ||
| 526 |
_a0 _b0 _c0 _dT_197 |
||
| 650 |
_athesis _934811 |
||
| 942 |
_2ddc _cBK |
||
| 999 |
_c553685 _d553685 |
||